| 000 | 00368 a2200169 4500 | ||
|---|---|---|---|
| 001 | 189487 | ||
| 020 | _a85-85319-18-6 | ||
| 040 | _cMagnum | ||
| 100 | _aPortes, Maximiano Maxs de Figueiredo | ||
| 240 | 1 | 0 |
_aÉ...fogo! _lpor |
| 245 | 1 | 0 | _aÉ...fogo! |
| 300 | _a16 | ||
| 362 | 0 | _a2001 | |
| 440 | 1 | _aCuatiara | |
| 697 | _aLITERATURA INFANTO-JUVENIL | ||
| 942 | _cBK | ||
| 999 |
_c189487 _d189487 |
||